| 000 | 02107nam a2200409 c 4500 | ||
|---|---|---|---|
| 999 |
_c206189 _d206189 |
||
| 003 | BLK | ||
| 005 | 20241217132823.0 | ||
| 008 | 180411b bul|||||r ||||||| ||bul|| | ||
| 010 | _aKNG00215938000 | ||
| 020 | _a978-619-7316-20-9 | ||
| 040 | _aBLK | ||
| 041 |
_aBUL _cBUL |
||
| 072 |
_9178259 _aН37 _xОбразование. Педагогика Н |
||
| 080 |
_aВъзпитание у дома. Семейно възпитание _b37.018.1 _z37.018.1 |
||
| 080 |
_aПедагогическа психология _b37.015.3 _z37.015.3 |
||
| 100 | 1 |
_aМаховска, Олга Ивановна _eпърви автор _994390 |
|
| 139 |
_aМаховска, Олга Ивановна _bМ 41 |
||
| 245 | 1 | 0 |
_aМисли като дете, действай като възрастен _b45 реални ситуации през погледа на децата _cОлга Маховска ; прев. от рус. Мария Зозикова. |
| 257 | _aRUS | ||
| 260 |
_c2018 _9220456 _aСофия _bГнездото |
||
| 300 |
_a296 с. _bс ил. _c21 см |
||
| 380 | _a3 | ||
| 500 | _aОриг. загл. Думай как ребенок, поступай как взрослый. Как научиться понимать своего ребенка / Ольга Маховская. - Съдържа и за авт. - Азб. указ. | ||
| 650 | 0 |
_9263959 _aСемейно възпитание |
|
| 650 | 0 |
_9244538 _aДетска и педагогическа психология |
|
| 659 | 7 |
_9178160 _aН _xНови книги |
|
| 700 |
_9384116 _aЗозикова, Мария Елисеева _eпрев. от рус. |
||
| 765 |
_aДумай как ребенок, поступай как взрослый. Как научиться понимать своего ребенка _cМаховская, Ольга |
||
| 852 | _aЦб 289139 | ||
| 856 | 4 | _qpdf | |
| 856 | 4 | _qpdf | |
| 942 |
_cKNG _n0 _014 _s1 |
||
| 944 |
_aCR _c11.02.2018 _k30530 _lМинев Младен |
||
| 944 |
_aED _c20.02.2018 _kВиолета_Тройчева |
||
| 999 | _d206189 | ||
| 999 | _d206189 | ||